| 000 | 04370cam a22013454i 4500 | ||
|---|---|---|---|
| 003 | PE-LiUPU | ||
| 005 | 20250813185431.0 | ||
| 008 | 190808s2017 mx a rb 001 0 spa d | ||
| 020 | _a6074486476 | ||
| 020 | _a9786074486476 | ||
| 035 | _a(Sirsi) a252426 | ||
| 040 |
_aPE-LiUPU _bspa _cPE-LiUPU _erda |
||
| 041 | 1 |
_aspa _heng |
|
| 049 | _aPRUA | ||
| 082 | 0 | 4 |
_a370.15 _bC69 _220 |
| 100 | 1 |
_aCline, Tony, _eautor. |
|
| 245 | 1 | 0 |
_aPsicología educativa / _cTony Cline, Anthea Gulliford, Susan Birch. |
| 250 | _aPrimera edición. | ||
| 264 | 1 |
_aMéxico : _bManual Moderno, _c2017. |
|
| 300 |
_axiv, 363 páginas : _bilustraciones ; _c23 centímetros |
||
| 336 |
_atext _2rdacontent |
||
| 337 |
_aunmediated _2rdamedia |
||
| 338 |
_avolume _2rdacarrier |
||
| 504 | _aIncluye bibliografía al final de cada capítulo. | ||
| 504 | _aÍndice: páginas 357-363. | ||
| 505 | 0 | _a¿Qué hacen los psicólogos educativos? -- Práctica en la psicología educativa basada en evidencia: La naturaleza de la evidencia -- ¿Para qué nos sirve la inteligencia? -- Aumentar el rendimiento educativo: ¿Cómo puede contribuir la psicología de la enseñanza? -- Inclusión de niños con necesidades especiales: ¿Cómo puede la psicología ayudar? -- Comunicación efectiva en la escuela: ¿Los docentes y alumnos hablan el mismo idioma? -- ¿Se puede curar la dislexia? -- ¿Por qué las matemáticas atemorizan a tantas personas? -- Educando niños con autismo: ¿Para qué sirve la teoría y la investigación psicológica? -- Manejando el comportamiento en el salón: Perspectivas de la psicología -- Acosadores escolares: ¿También son víctimas? -- ¿Afrontando la vida, afrontando la escuela? Rechazo a la escuela en jóvenes -- Valores escolares y la identidad del estudiante. | |
| 526 | _aP202 | ||
| 526 | _aP201 | ||
| 526 | _aP163 | ||
| 526 | _aP162 | ||
| 526 | _aP161 | ||
| 526 | _aP160 | ||
| 526 | _aP148 | ||
| 526 | _aP147 | ||
| 526 | _aP146 | ||
| 526 | _aP145 | ||
| 526 | _aP144 | ||
| 526 | _aP143 | ||
| 526 | _aP142 | ||
| 526 | _aP141 | ||
| 526 | _aP140 | ||
| 526 | _aP139 | ||
| 526 | _aP138 | ||
| 526 | _aP137 | ||
| 526 | _aP136 | ||
| 526 | _aP135 | ||
| 526 | _aP134 | ||
| 526 | _aP133 | ||
| 526 | _aP129 | ||
| 526 | _aP128 | ||
| 526 | _aP127 | ||
| 526 | _aP120 | ||
| 526 | _aP119 | ||
| 526 | _aP118 | ||
| 526 | _aP116 | ||
| 526 | _aP115 | ||
| 526 | _aP114 | ||
| 526 | _aP110 | ||
| 526 | _aP109 | ||
| 526 | _aP108 | ||
| 526 | _aP104 | ||
| 526 | _aP103 | ||
| 526 | _aP102 | ||
| 526 | _aP99 | ||
| 526 | _aP98 | ||
| 526 | _aP97 | ||
| 526 | _aP96 | ||
| 526 | _aP95 | ||
| 526 | _aP93 | ||
| 526 | _aP90 | ||
| 526 | _aP89 | ||
| 526 | _aP88 | ||
| 526 | _aP83 | ||
| 526 | _aP82 | ||
| 526 | _aP62 | ||
| 526 | _aP59 | ||
| 526 | _aP58 | ||
| 526 | _aP57 | ||
| 526 | _aP51 | ||
| 526 | _aP49 | ||
| 526 | _aP48 | ||
| 526 | _aP47 | ||
| 526 | _aP29 | ||
| 526 | _aP24 | ||
| 526 | _aP20 | ||
| 526 | _aP19 | ||
| 526 | _aP17 | ||
| 526 | _aP15 | ||
| 526 | _aP14 | ||
| 526 | _aP12 | ||
| 526 | _aP10 | ||
| 526 | _aP09 | ||
| 526 | _aP08 | ||
| 526 | _aP07 | ||
| 526 | _aP06 | ||
| 526 | _aP05 | ||
| 526 | _aP04 | ||
| 526 | _aP01 | ||
| 534 |
_pTítulo original : _tEducational psychology. |
||
| 541 | _g002-00001572; | ||
| 541 | _g004-000262; | ||
| 650 | 0 | 7 |
_aPsicología educativa. _95560 |
| 650 | 0 | 7 |
_aPsicología educativa _xManuales. |
| 650 | 0 | 4 | _aPsicología pedagógica. |
| 650 | 0 | 4 |
_aPsicología del aprendizaje. _9227 |
| 700 | 1 |
_aGulliford, Anthea, _eautor. |
|
| 700 | 1 |
_aBirch, Susan, _eautor. |
|
| 910 |
_abgr _bncf _cncf _d20190808 |
||
| 910 |
_adbm _bncf _cncf _d20191107 |
||
| 942 |
_2ddc _cBOOK |
||
| 994 |
_aC0 _bPEPRU |
||
| 596 | _a1 | ||
| 999 |
_a370.15 C69 _wLC _c31652 _i80129 _d31652 _e2019-10-3 _f2021-11-8 _g3 _lCCODEBUL1 _mBUL _n1 _p30.76 _q1 _r0 _sY _tBOOK _u2019-8-8 _xEDUCACION _PP33 _0COMPRA _1FCOMPR3 _o.STAFF. Colección Ciencias de la Salud |
||
| 999 |
_a370.15 C69 _wLC _c2 _i80821 _f2021-11-8 _g3 _lCCODEBUL1 _mBUL _p26.47 _r0 _sY _tBOOK _u2019-11-7 _xEDUCACION _zP59 _0COMPRA _1FCOMPR4 _o.STAFF. Colección Ciencias Humanas y Educación |
||
| 980 |
_81 _gALBERTO SANCHEZ Responsable de Automatización |
||